Central Library OPAC University of Rajshahi

The Pattern of Agrarian structure in rural Bangladesh: (Record no. 34415)

MARC details
000 -LEADER
fixed length control field 01199nam a2200265 a 4500
001 - CONTROL NUMBER
control field 34415
003 - CONTROL NUMBER IDENTIFIER
rucl marc code BD-RjUL
005 - DATE AND TIME OF LATEST TRANSACTION
control field 20211209052145.0
008 - FIXED-LENGTH DATA ELEMENTS--GENERAL INFORMATION
fixed length control field 140517s2012 bg a|||| m||| 00| e eng d
035 ## - SYSTEM CONTROL NUMBER
System control number (BD-RjUL)34509
040 ## - CATALOGING SOURCE
Original cataloging agency BD-RjUL
Language of cataloging eng
Transcribing agency BD-RjUL
Modifying agency BD-RjUL
041 ## - LANGUAGE CODE
Language code of text/sound track or separate title eng
082 ## - DEWEY DECIMAL CLASSIFICATION NUMBER
Edition number 21
Classification number 306.3490954924
Author mark and year RAP 2012
100 ## - MAIN ENTRY--PERSONAL NAME
Personal name Rahman, Mohammad Sadikur
9 (RLIN) 106906
245 ## - TITLE STATEMENT
Title The Pattern of Agrarian structure in rural Bangladesh:
Remainder of title an ethnographic study of a village in Rajshahi district /
Statement of responsibility, etc. Mohammad Sadikur Rahman.
Linkage Supervisor: Mohammad Nasser.
260 ## - PUBLICATION, DISTRIBUTION, ETC. (IMPRINT)
Place of publication, distribution, etc. Rajshahi :
Name of publisher, distributor, etc. Institute of Bangladesh Studies, R. U. ,
Date of publication, distribution, etc. 2012.
300 ## - PHYSICAL DESCRIPTION
Pagination xiv, 185 Leaves :
Illustrations Ill. ;
Size 30 cm.
502 ## - DISSERTATION NOTE
Dissertation note Thesis (Ph. D.)--Institute of Bangladesh Studies, R. U., 2012.
504 ## - BIBLIOGRAPHY, ETC. NOTE
Bibliography, etc Bibliography : leaves [167]-174.
650 ## - SUBJECT ADDED ENTRY--TOPICAL TERM
Topical term or geographic name as entry element Social structure
Geographic subdivision Bangladesh
-- Rajshahi District
-- Chabbish Nagar.
9 (RLIN) 244085
Topical term or geographic name as entry element Agriculture
General subdivision Social aspects
Geographic subdivision Bangladesh
-- Rajshahi District
-- Chabbish Nagar
9 (RLIN) 244086
651 ## - SUBJECT ADDED ENTRY--GEOGRAPHIC NAME
Geographic name Bangladesh-
Geographic subdivision Rajshahi District .
-- Chabbish Nagar
General subdivision Rural conditions
-- Case studies.
9 (RLIN) 244087
700 ## - ADDED ENTRY--PERSONAL NAME
Personal name Nasser, Mohammad, Supervisor
942 ## - ADDED ENTRY ELEMENTS (KOHA)
Source of classification or shelving scheme Dewey Decimal Classification
Koha item type Theses
Holdings
Lost status Source of classification or shelving scheme Damaged status Not for loan Collection code Permanent Location Current Location Shelving location Date acquired Source of acquisition Cost, normal purchase price Total Checkouts Full call number Date last seen Copy number Koha item type
  Dewey Decimal Classification   Not For Loan Non-fiction Central Library, University of Rajshahi Central Library, University of Rajshahi Documentation Section 09/10/2013 Controller of Examination Office, University of Rajshahi, Rajshahi. 0.00   THE 306.3490954924 RAP 2012 21/05/2014 C-1 Theses